000
00302nam a2200145Ia 4500
100
_a
Batra/K/C
250
_a
1
942
_c
BK
654
_a
Production
245
_a
Production Management
260
_b
Paramount Pub.Co
_a
Bombay
_c
1967
082
_a
658.5
_b
BAT
300
_a
480
546
_a
ENGLISH
999
_c
21482
_d
21482